Handbook of Solid Waste Management (Record no. 246750)

MARC details
000 -LEADER
fixed length control field 00273pam a2200133 a 4500
020 ## - INTERNATIONAL STANDARD BOOK NUMBER
Terms of availability
041 ## - LANGUAGE CODE
Language code of original
100 ## - MAIN ENTRY--PERSONAL NAME
Personal name Frank Kreith
245 ## - TITLE STATEMENT
Title Handbook of Solid Waste Management
260 ## - PUBLICATION, DISTRIBUTION, ETC.
Date of publication, distribution, etc. 1994
300 ## - PHYSICAL DESCRIPTION
Extent 15.20
653 ## - INDEX TERM--UNCONTROLLED
Uncontrolled term Environment Management
930 ## - EQUIVALENCE OR CROSS-REFERENCE-UNIFORM TITLE HEADING [LOCAL, CANADA]
Uniform title 897
Holdings
Withdrawn status Lost status Damaged status Not for loan Collection Home library Current library Date acquired Total Checkouts Full call number Barcode Date last seen Date last checked out Copy number Price effective from Koha item type
          Institute of Environment Education & Research, Pune Institute of Environment Education & Research, Pune 19/09/2011 2 EVP-688 10/08/2024 19/03/2024 1 03/04/2023 Book